| 000 | 01027cam a22003014a 4500 | ||
|---|---|---|---|
| 001 | 13836994 | ||
| 003 | OSt | ||
| 005 | 20170421121139.0 | ||
| 008 | 050110s2006 njua b 001 0 eng | ||
| 010 | _a 2005042979 | ||
| 020 | _a9780131860155 | ||
| 035 | _a(OCoLC)ocm57422448 | ||
| 040 |
_aDLC _cDLC _dC#P _dBAKER _dDLC |
||
| 042 | _apcc | ||
| 050 | 0 | 0 |
_aHD30.22 _b.K39 2006 |
| 082 | 0 | 0 |
_a338.5/024/658 _222 |
| 100 | 1 | _aKeat, Paul G. | |
| 245 | 1 | 0 |
_aManagerial economics : _beconomic tools for today's decision makers / _cPaul G. Keat, Philip K.Y. Young. |
| 250 | _a5th ed. | ||
| 260 |
_aUpper Saddle River, N.J. : _bPearson Prentice Hall, _c2006. |
||
| 300 |
_axx, 571 p. : _bill. ; _c27 cm. |
||
| 504 | _aIncludes bibliographical references and index. | ||
| 650 | 0 | _aManagerial economics. | |
| 700 | 1 | _aYoung, Philip K. Y. | |
| 906 |
_a7 _bcbc _corignew _d1 _eocip _f20 _gy-gencatlg |
||
| 942 |
_2lcc _cBK |
||
| 999 |
_c50087 _d50087 |
||